<?xml version="1.0" encoding="UTF-8"?>
<record
    xmlns:xsi="http://www.w3.org/2001/XMLSchema-instance"
    xsi:schemaLocation="http://www.loc.gov/MARC21/slim http://www.loc.gov/standards/marcxml/schema/MARC21slim.xsd"
    xmlns="http://www.loc.gov/MARC21/slim">

  <leader>02216nam a22003137a 4500</leader>
  <controlfield tag="001">4517</controlfield>
  <controlfield tag="003">FISKH</controlfield>
  <controlfield tag="005">20251023132552.0</controlfield>
  <controlfield tag="008">240912b        cb ||||| |||| 00| 0 eng d</controlfield>
  <datafield tag="020" ind1=" " ind2=" ">
    <subfield code="a">9789996346156</subfield>
  </datafield>
  <datafield tag="040" ind1=" " ind2=" ">
    <subfield code="a">FISKH</subfield>
    <subfield code="b">Khmer</subfield>
    <subfield code="c">FISKH</subfield>
    <subfield code="d">FISKH</subfield>
  </datafield>
  <datafield tag="050" ind1=" " ind2=" ">
    <subfield code="a">PZ7</subfield>
  </datafield>
  <datafield tag="082" ind1=" " ind2=" ">
    <subfield code="a">890</subfield>
  </datafield>
  <datafield tag="100" ind1=" " ind2=" ">
    <subfield code="a">Dawn,  Dim </subfield>
    <subfield code="e">author </subfield>
  </datafield>
  <datafield tag="245" ind1=" " ind2=" ">
    <subfield code="a">&#x1780;&#x17BC;&#x1793;&#x1786;&#x17D2;&#x1798;&#x17B6;&#x179A;&#x17A2;&#x1793;&#x17B6;&#x1790;&#x17B6;&#x200B;/</subfield>
    <subfield code="c">&#x1793;&#x17B7;&#x1796;&#x1793;&#x17D2;&#x1792;&#x178A;&#x17C4;&#x1799; &#x179B;&#x17C4;&#x1780; &#x178C;&#x17B9;&#x1798; &#x178A;&#x1793; : &#x1796;&#x17B7;&#x1793;&#x17B7;&#x178F;&#x17D2;&#x1799;&#x17A2;&#x1780;&#x17D2;&#x1781;&#x179A;&#x17B6;&#x179C;&#x17B7;&#x179A;&#x17BB;&#x1791;&#x17D2;&#x1792;&#x178A;&#x17C4;&#x1799; &#x17A2;&#x17D2;&#x1793;&#x1780;&#x179F;&#x17D2;&#x179A;&#x17B8; &#x1782;&#x17BA;&#x1798;&#x179F;&#x17CA;&#x17BB;&#x1793; &#x179F;&#x17BB;&#x1792;&#x17B6;&#x179A;&#x17B8; </subfield>
  </datafield>
  <datafield tag="250" ind1=" " ind2=" ">
    <subfield code="a">&#x1785;&#x17C1;&#x1789;&#x1795;&#x17D2;&#x179F;&#x17B6;&#x1799;&#x1781;&#x17C2;&#x1798;&#x17B7;&#x1793;&#x17B6; &#x1786;&#x17D2;&#x1793;&#x17B6;&#x17C6;&#x17E2;&#x17E0;&#x17E1;&#x17E4;</subfield>
  </datafield>
  <datafield tag="260" ind1=" " ind2=" ">
    <subfield code="a">&#x1797;&#x17D2;&#x1793;&#x17C6;&#x1796;&#x17C1;&#x1789; : </subfield>
    <subfield code="b">Reading Books ;</subfield>
    <subfield code="c">&#x17E2;&#x17E0;&#x17E1;&#x17E4;&#x200B; . </subfield>
  </datafield>
  <datafield tag="300" ind1=" " ind2=" ">
    <subfield code="a">20&#x200B;&#x200B; pages : </subfield>
    <subfield code="b">color illustrations ; </subfield>
    <subfield code="c">25cm . </subfield>
  </datafield>
  <datafield tag="505" ind1=" " ind2=" ">
    <subfield code="a">O 
</subfield>
  </datafield>
  <datafield tag="520" ind1=" " ind2=" ">
    <subfield code="a">&#x1798;&#x17B6;&#x1793;&#x1780;&#x17D2;&#x1798;&#x17C1;&#x1784;&#x179A;&#x1796;&#x17BA;&#x179F;&#x1798;&#x17D2;&#x1793;&#x17B6;&#x1780;&#x17CB;&#x1788;&#x17D2;&#x1798;&#x17C4;&#x17C7; &#x179F;&#x1798;&#x17D2;&#x1794;&#x178F;&#x17D2;&#x178F;&#x17B7;&#x17D4; &#x1790;&#x17D2;&#x1784;&#x17C3;&#x1798;&#x17BD;&#x1799;&#x1782;&#x17C1;&#x1794;&#x17B6;&#x1793;&#x179B;&#x17BA;&#x179F;&#x17C6;&#x179B;&#x17C1;&#x1784;&#x1786;&#x17D2;&#x1798;&#x17B6;&#x179A;&#x1799;&#x17C6;&#x1793;&#x17C5;&#x1781;&#x17B6;&#x1784;&#x1798;&#x17BB;&#x1781;&#x1795;&#x17D2;&#x1791;&#x17C7; &#x1782;&#x17C1;&#x1780;&#x17CF;&#x1799;&#x1780;&#x1786;&#x17D2;&#x1798;&#x17B6;&#x179A;&#x1798;&#x1780;&#x1793;&#x17C5;&#x1780;&#x17D2;&#x1793;&#x17BB;&#x1784;&#x1795;&#x17D2;&#x1791;&#x17C7;&#x1787;&#x17B6;&#x1798;&#x17BD;&#x1799; &#x178F;&#x17C2;&#x17AA;&#x1796;&#x17BB;&#x1780;&#x1798;&#x17D2;&#x178F;&#x17B6;&#x1799;&#x179A;&#x1794;&#x179F;&#x17CB;&#x1782;&#x17C1;&#x1798;&#x17B7;&#x1793;&#x1796;&#x17C1;&#x1789;&#x1785;&#x17B7;&#x178F;&#x17D2;&#x178F;&#x17A1;&#x17BE;&#x1799;&#x1780;&#x17CF;&#x1799;&#x1780;&#x1786;&#x17D2;&#x1798;&#x17B6;&#x179A;&#x1791;&#x17C5;&#x1794;&#x17C4;&#x17C7;&#x1785;&#x17C4;&#x179B; &#x17D4;&#x200B;&#x178F;&#x17C2;&#x179C;&#x17B6;&#x1798;&#x17B7;&#x1793;&#x1791;&#x17C5;&#x178E;&#x17B6;&#x1786;&#x17D2;&#x1784;&#x17B6;&#x1799;&#x1791;&#x17C1;&#x179C;&#x17B6;&#x178F;&#x17D2;&#x179A;&#x179B;&#x1794;&#x17CB;&#x1798;&#x1780;&#x179A;&#x1780;&#x179F;&#x1798;&#x17D2;&#x1794;&#x178F;&#x17D2;&#x178F;&#x17B7;&#x179C;&#x17B7;&#x1789;&#x17A0;&#x17BE;&#x1799;&#x179B;&#x17C4;&#x1780;&#x1799;&#x17B6;&#x1799;&#x179A;&#x1794;&#x179F;&#x17CB;&#x179F;&#x1798;&#x17D2;&#x1794;&#x178F;&#x17D2;&#x178F;&#x17B7;&#x1780;&#x17CF;&#x1799;&#x1780;&#x1786;&#x17D2;&#x1798;&#x17B6;&#x179A;&#x1791;&#x17C4;&#x1784;&#x17BC;&#x178F;&#x1791;&#x17BA;&#x1780;&#x17A2;&#x17C4;&#x1799;&#x179F;&#x17D2;&#x17A2;&#x17B6;&#x178F; &#x17A0;&#x17BE;&#x1799;&#x179F;&#x1798;&#x17D2;&#x1794;&#x178F;&#x17D2;&#x178F;&#x17B7;&#x1780;&#x17CF;&#x1794;&#x17B6;&#x1793;&#x179A;&#x179F;&#x17CB;&#x1793;&#x17C5;&#x1787;&#x17B6;&#x1798;&#x17BD;&#x1799;&#x1786;&#x17D2;&#x1798;&#x17B6;&#x179A;&#x1799;&#x17C9;&#x17B6;&#x1784;&#x179F;&#x1794;&#x17D2;&#x1794;&#x17B6;&#x1799;&#x179A;&#x17B8;&#x1780;&#x179A;&#x17B6;&#x1799; &#x17D4;&#x200B;</subfield>
  </datafield>
  <datafield tag="520" ind1=" " ind2=" ">
    <subfield code="a">There is a young boy named Sambath. One day he heard a cat crying in front of the house, he took the cat home with him, but his parents were not happy, so they threw the cat away. Sambath's grandmother took a bath for the cat and Sambath lived happily with the cat. </subfield>
  </datafield>
  <datafield tag="521" ind1="8" ind2=" ">
    <subfield code="a">600 
</subfield>
    <subfield code="b">Lexile estimate 
</subfield>
  </datafield>
  <datafield tag="521" ind1="8" ind2=" ">
    <subfield code="a">O 
</subfield>
    <subfield code="b">Raz-Plus 
</subfield>
  </datafield>
  <datafield tag="650" ind1=" " ind2=" ">
    <subfield code="a">&#x1786;&#x17D2;&#x1798;&#x17B6;&#x179A;</subfield>
  </datafield>
  <datafield tag="650" ind1=" " ind2=" ">
    <subfield code="a">cat</subfield>
  </datafield>
  <datafield tag="700" ind1=" " ind2=" ">
    <subfield code="a">Sotheary, Kimsun</subfield>
    <subfield code="e">illustrator </subfield>
  </datafield>
  <datafield tag="942" ind1=" " ind2=" ">
    <subfield code="2">ddc</subfield>
    <subfield code="c">BK</subfield>
    <subfield code="n">0</subfield>
  </datafield>
  <datafield tag="999" ind1=" " ind2=" ">
    <subfield code="c">4517</subfield>
    <subfield code="d">4517</subfield>
  </datafield>
  <datafield tag="952" ind1=" " ind2=" ">
    <subfield code="0">0</subfield>
    <subfield code="1">0</subfield>
    <subfield code="2">ddc</subfield>
    <subfield code="4">0</subfield>
    <subfield code="7">0</subfield>
    <subfield code="8">Khmer-English Bilingual </subfield>
    <subfield code="a">002</subfield>
    <subfield code="b">002</subfield>
    <subfield code="c">TTP Khmer</subfield>
    <subfield code="d">2024-09-12</subfield>
    <subfield code="l">0</subfield>
    <subfield code="o">DIM PZ7 890</subfield>
    <subfield code="p">FIS04453</subfield>
    <subfield code="r">2025-05-26 08:11:25</subfield>
    <subfield code="t">1</subfield>
    <subfield code="w">2024-09-12</subfield>
    <subfield code="y">BK</subfield>
  </datafield>
  <datafield tag="952" ind1=" " ind2=" ">
    <subfield code="0">0</subfield>
    <subfield code="1">0</subfield>
    <subfield code="2">ddc</subfield>
    <subfield code="4">0</subfield>
    <subfield code="7">0</subfield>
    <subfield code="8">Khmer-English Bilingual </subfield>
    <subfield code="a">002</subfield>
    <subfield code="b">002</subfield>
    <subfield code="c">TTP Khmer</subfield>
    <subfield code="d">2025-10-23</subfield>
    <subfield code="l">0</subfield>
    <subfield code="o">DIM PZ7 890</subfield>
    <subfield code="p">FISBK03695</subfield>
    <subfield code="r">2025-10-23 13:25:10</subfield>
    <subfield code="t">2</subfield>
    <subfield code="w">2025-10-23</subfield>
    <subfield code="y">BK</subfield>
  </datafield>
</record>
